000 00734nam a22002537a 4500
003 DO-SdBNP
005 20240216081941.0
008 151022b 2003sp 00| 0 spa d
020 _a8495501465
040 _aBPMSU
_bspa
_cBPMSU
082 4 _a813.5
_bB812D 2003
_222
100 1 _aBrady, Joan.
245 1 0 _aDios vuelve en una harley /
_cJoan Brady ; traducción Rosa Arruti.
250 _a16a ed.
260 _aMadrid :
_bEdiciones B,
_c2003
300 _a167 p. ;
_c23 cm.
490 0 _aPunto de lectura
_v52/1
590 _aInventariado, 2024/VM
650 4 _aNovela estadounidense
650 4 _aExistencia de Dios
_vNovela
700 1 _aArruti, Rosa,
_ctr.
910 _aVMateo V. Control de calidad. BPMSU
942 _2ddc
_cBK
999 _c14570
_d14570